000 00966nam a22002417a 4500
999 _c674
_d674
003 AR-CdUCM
008 190225b ||||| |||| 00| 0 spa d
040 _aMUNICIPALIDAD PROVINCIAL DEL CUSCO
_cBIBLIOTECA MUNICIPAL DEL CUSCO
082 _a301.052 /
_bD12
100 _aDagoberto Marroquin, Alejandro
_92611
245 _aPanchimalco :
_binvestigacion sociologica /
260 _aSan Salvador :
_bUniversitaria,
_c1959.
300 _a454 páginas ;
_bfotos,
_c20 cm.
500 _aDonación de la familia Nieto- Degrégori
505 _aContenido: Panchimalco como comunidad -- Problemas de la comunidad -- La villa de Panchimalco -- Demografía de Panchimalco -- Economía de Panchimalco -- Organización social ...
650 _aOrígenes históricos
_92612
650 _aComunidades Urbanas
_92613
650 _aEstratos sociales
_92614
650 _aDatos históricos
_92615
650 _aFolklore
_91081
942 _2ddc
_cLIBROS
945 _araen
_d2019-02-25